<?xml version="1.0" encoding="UTF-8"?>
<record
    xmlns:xsi="http://www.w3.org/2001/XMLSchema-instance"
    xsi:schemaLocation="http://www.loc.gov/MARC21/slim http://www.loc.gov/standards/marcxml/schema/MARC21slim.xsd"
    xmlns="http://www.loc.gov/MARC21/slim">

  <leader>01283nab a2200205 i 4500</leader>
  <controlfield tag="001">768714001</controlfield>
  <controlfield tag="003">CO-MdFUSB</controlfield>
  <controlfield tag="005">20240509165238.0</controlfield>
  <controlfield tag="008">240509t1969    sp ||||| |||| 00| 0 spa d</controlfield>
  <datafield tag="040" ind1=" " ind2=" ">
    <subfield code="b">spa.</subfield>
    <subfield code="c">CO-MdFUSB</subfield>
    <subfield code="d">CO-MdFUSB</subfield>
  </datafield>
  <datafield tag="100" ind1=" " ind2=" ">
    <subfield code="a">Panikkar, Raimundo,</subfield>
    <subfield code="e">autor</subfield>
  </datafield>
  <datafield tag="245" ind1=" " ind2=" ">
    <subfield code="a">Metateolog&#xED;a o teolog&#xED;a diacr&#xED;tica como teolog&#xED;a fundamental </subfield>
    <subfield code="c">/ Raimundo Panikkar</subfield>
  </datafield>
  <datafield tag="520" ind1=" " ind2=" ">
    <subfield code="a">La teolog&#xED;a fundamental no es una ciencia esot&#xE9;rica o una disciplina ad usum delphinis.  Es el foro de una ecclesia universal, de todos aquellos para quienes atender al otro es un deber tan sagrado como la preocupaci&#xF3;n por la propia familia. Jam&#xE1;s ser&#xE9; capaz de amar a mi pr&#xF3;jimo como a m&#xED; mismo si no lo conozco como a m&#xED; mismo. Esta sentencia, evidentemente, es v&#xE1;lida en ambas direcciones.  El lugar en que convenimos unos y otros es la base para una teolog&#xED;a fundamental y tambi&#xE9;n para el encuentro entre los hombres.</subfield>
  </datafield>
  <datafield tag="650" ind1=" " ind2="7">
    <subfield code="a">Teolog&#xED;a dogm&#xE1;tica</subfield>
    <subfield code="9">6937</subfield>
  </datafield>
  <datafield tag="650" ind1=" " ind2="0">
    <subfield code="a">Vida cristiana</subfield>
    <subfield code="9">19</subfield>
  </datafield>
  <datafield tag="653" ind1=" " ind2=" ">
    <subfield code="a">Teolog&#xED;a diacr&#xED;tica</subfield>
  </datafield>
  <datafield tag="773" ind1="0" ind2=" ">
    <subfield code="0">49450</subfield>
    <subfield code="9">82609</subfield>
    <subfield code="o">R2536</subfield>
    <subfield code="t">Revista internacional de teolog&#xED;a Concilium</subfield>
    <subfield code="w">(CO-MdFUSB)8</subfield>
    <subfield code="x">0210-1041</subfield>
    <subfield code="g">N&#xFA;mero 46, (junio, 1969), p&#xE1;ginas: 370 - 383</subfield>
    <subfield code="q">p&#xE1;gina: 370</subfield>
  </datafield>
  <datafield tag="942" ind1=" " ind2=" ">
    <subfield code="c">ANA</subfield>
  </datafield>
  <datafield tag="945" ind1=" " ind2=" ">
    <subfield code="a">Catherine Arias Alvarez - Practicante SENA</subfield>
  </datafield>
  <datafield tag="999" ind1=" " ind2=" ">
    <subfield code="c">69637</subfield>
    <subfield code="d">69637</subfield>
  </datafield>
</record>
